000 00521nam a2200181Ia 4500
005 20250326125150.0
008 250326s9999 xx 000 0 und d
037 _aTextbook
040 _aFMSL
_beng
_cFMSL
041 _aeng
_2eng
084 _aX:97 K82
_qFMSL
100 _aNeal L F
_9738570
245 0 _aManager's guide to industrial realations
_cNeal L F; Robertson A
260 _aLondon
_bLondon, George Allen & Unwin
_c1968
300 _a151p
942 _cTB
_hX:97 K82
999 _c1276823
_d1276823